Statystyki dla 10 najliczniejszych armii na świecie w 2022 roku

Kliknij tutaj aby rozwiązać quiz!

Ogólne statystyki

  • Ten quiz został rozwiązany 137 razy
  • Średni wynik to 7 z 10

Statystyki odpowiedzi

#Krajliczebność armii% Poprawnych
7Stany Zjednoczone2,133,050
100%
5Chiny4,015,000
98%
6Rosja3,568,000
98%
4Indie5,137,500
87%
2Korea Północna7,769,000
74%
8Brazylia2,101,500
71%
3Korea Południowa6,712,500
66%
10Pakistan1,495,000
65%
1Wietnam10,522,000
39%
9Tajwan1,831,800
23%

Rozkład punktacji

Percentyl według liczby udzielonych odpowiedzi

Procent ludzi z każdym wynikiem

Twoja historia wyników

Nie rozwiązałeś tego quizu